Normal view
MARC view
- Raheel Tariq
Entry Personal Name
001 - CONTROL NUMBER
- control field: 47660
003 - CONTROL NUMBER IDENTIFIER
- control field: NUST
005 - DATE AND TIME OF LATEST TRANSACTION
- control field: 20210314133857.0
008 - FIXED-LENGTH DATA ELEMENTS
- fixed length control field: 210314|| aca||aabn | a|a d
040 ## - CATALOGING SOURCE
- Original cataloging agency: NUST
- Transcribing agency: NUST
100 ## - HEADING--PERSONAL NAME
- Personal name: Raheel Tariq
670 ## - SOURCE DATA FOUND
- Source citation: Work cat.: (NUST): Raheel Tariq., Cost effective treatment of arsenic in drinking water of seis mandi/, 2013.
